Cost evaluation of automated and manual post-consumer plastic bottle sorting systems

Αποθηκεύτηκε σε:
Λεπτομέρειες βιβλιογραφικής εγγραφής
Συγγραφή απο Οργανισμό/Αρχή: Risk Reduction Engineering Research Laboratory (U.S.)
Άλλοι συγγραφείς: Burgiel, Jonathan
Μορφή: Βιβλίο
Γλώσσα:English
Δημοσίευση: Cincinnati : Risk Reduction Engineering Research Laboratory, Office of Research and Development, U.S. Environmental Protection Agency, 1994
Θέματα:
Ετικέτες: Προσθήκη ετικέτας
Δεν υπάρχουν, Καταχωρήστε ετικέτα πρώτοι!

MARC

LEADER 00000nam a2200000 i 4500
001 1/2446
008 000507s1994 f eng d
035 |l 10060425 
040 |a GR-MY-UA  |b gre  |e aacr 
041 0 |a eng 
082 0 |a 363.7285 
245 1 0 |a Cost evaluation of automated and manual post-consumer plastic bottle sorting systems  |h [microform] /  |c by Jonathan Burgiel ... [et al.] and Solid Waste Association of North America 
260 |a Cincinnati :   |b Risk Reduction Engineering Research Laboratory, Office of Research and Development, U.S. Environmental Protection Agency,   |c 1994 
300 |a x, 45 p.;  |b ill.;  |c 28 cm. 
500 |a Distributed to depository libraries in microfiche 
500 |a "September 1994." 
500 |a "Cooperative agreement no. 818238." 
500 |a "EPA/600/R-94/165." 
650 0 0 |a Recycling (Waste, etc.)  |z United States. 
650 0 0 |a Recycling (Waste, etc.)  |x Cost effectiveness. 
650 0 0 |a Recycling (Waste, etc.)  |x Equipment and supplies. 
650 0 0 |a Refuse and refuse disposal  |z United States. 
700 1 |a Burgiel, Jonathan. 
710 2 |a Risk Reduction Engineering Research Laboratory (U.S.) 
852 |a INST  |b LESVOS  |e 20000507  |h 363.7285 COS  |p 005100021421  |q 005100021421  |t BK  |y 0 
901 |a BIBL1-2000-2 
909 |a Λ  |b 059380 
922 |a 1ΕΛΗ  |b 199809  |c ΚΠΣ/ΤΠ  |d 059380 
950 |a 107-1998-04-08 
970 |z 2000/05/ΜΙΧΑΗΛΙΔΟΥ ΑΝΝΑ